| 000 | 02037cam a2200169 4500500 | ||
|---|---|---|---|
| 005 | 20260208003240.0 | ||
| 041 | _afre | ||
| 042 | _adc | ||
| 100 | 1 | 0 |
_aSonnet, Martine _eauthor |
| 245 | 0 | 0 | _aLes gens de rien : une histoire de la grande pauvreté dans la France du XXe siècle, André Gueslin, Fayard, Paris, 2004, 456 pages |
| 260 | _c2004. | ||
| 500 | _a37 | ||
| 520 | _aRésuméAprès une longue période où les mouvements migratoires affectant la France consistaient en un départ de populations pauvres vers la métropole pour une réinstallation dans la durée soumise à l’injonction de l’intégration, les années quatre-vingt-dix ont vu une autre phase s’ouvrir, marquée par la diversification des personnes en mouvement, la complexification de leur circulation et des modalités de celle-ci. Les techniques nouvelles et le processus de mondialisation amenèrent les chercheurs à revisiter les concepts supposés acquis, comme celui d’intégration. C’est à une telle dynamique de recherche renouvelée que l’on assiste aujourd’hui en France et dans le monde, qui conduit sans doute à des approches plus ambitieuses et mieux coordonnées. | ||
| 520 | _aAfter a long period during which migration as it affected France was a matter of poor people coming to settle within the terms of the requirement to integrate, a new phase has opened in the 1990s. Its characteristics are the diversification of people who move and the greater complexity of their patterns and modes of movement. New techniques and the process of globalisation have led researchers to re-assess supposedly accepted concepts, such as integration. This renewed research dynamic, which is currently in evidence in France and elsewhere, will no doubt lead to more ambitious and better coordinated approaches | ||
| 786 | 0 | _nRevue française des affaires sociales | - | 2 | 2004-06-01 | p. 209b-212b | 0035-2985 | |
| 856 | 4 | 1 | _uhttps://shs.cairn.info/revue-francaise-des-affaires-sociales-2004-2-page-209b?lang=fr&redirect-ssocas=7080 |
| 999 |
_c1647426 _d1647426 |
||